Irwin Law Canadian Family Law (Sixth Edition) /

Detalles Bibliográficos
Autor principal: D. Payne, Julien
Otros Autores: A. Payne, Marilyn
Formato: eBook
Lenguaje:inglés
Publicado: Toronto: Irwin Law Inc., 2015
Edición:Sixth Edition
Materias:
Acceso en línea:Acceso restringido

MARC

LEADER 00000nam a22000007a 4500
005 20171102172435.0
007 cr|||| ||||
008 171102s2015 xxc|||||s|||| 00||0 eng d
020 |a 978-1-55221-397-1 
035 |a 20645 
040 |a vLex 
090 |c 7187  |d 7187 
100 1 |a D. Payne, Julien 
245 1 0 |a Irwin Law  |h [Recurso electrn̤ico] :  |b Canadian Family Law (Sixth Edition) /  |c Julien D. Payne; Marilyn A. Payne 
250 |a Sixth Edition 
256 |a Servicio en ln̕ea 
260 |a Toronto:  |b Irwin Law Inc.,  |c 2015 
300 |a 1 recurso electrn̤ico 
506 1 |a Disponible solo en los productos indicados  |d vLex Global  |d vLex Global (Academic Edition, excluding Law Schools)  |d vLex Global (U.S. Academic Edition, Law Schools)  |d vLex Global (U.S. Academic Edition, excluding Law Schools)  |d vLex Global (Academic Edition, Law Schools) 
650 0 4 |a Familia y Sucesiones  |z Canad̀ 
700 1 |a A. Payne, Marilyn 
740 0 |a vLex Libros (Servicio en ln̕ea) 
856 4 0 |u http://vlex.com/source/canadian-family-law-20645  |z Acceso restringido 
942 |c BOOK 
999 0 |a Domestic relations